[Event "GER Seniors Derby 03rd"]
[Site "Undeloh"]
[Date "2004.04.18"]
[Round "7"]
[White "Salis, Anatol"]
[Black "Busch, Arno"]
[Result "1-0"]
[WhiteElo "1584"]
[BlackElo "1643"]
[PlyCount "105"]
[EventDate "2004.04.15"]
[EventType "swiss"]
[EventRounds "7"]
[EventCountry "GER"]
[SourceTitle "EXT 2006"]
[Source "ChessBase"]
[SourceDate "2005.11.24"]
[SourceVersion "1"]
[SourceVersionDate "2005.11.24"]
[SourceQuality "1"]

1. e4 c5 2. Nf3 e6 3. d4 cxd4 4. Nxd4 Nc6 5. Nc3 Bb4 6. Qd3 Qf6 7. Be3 Ne5 8. Qd2 a6 9. 0-0-0 b5 10. Bg5 Qg6 11. f4 Bxc3 12. Qxc3 Ng4 13. Qf3 N4f6 14. Bd3 Bb7 15. Rde1 Ne7 16. Qe2 e5 17. Bxf6 Qxf6 18. fxe5 Qxe5 19. Nf3 Qe6 20. Kb1 0-0 21. Qd2 h6 22. Rhg1 Bc6 23. Nd4 Qg4 24. h3 Qh4 25. Nf5 Nxf5 26. exf5 Rfe8 27. Rxe8+ Rxe8 28. b3 Qd4 29. Rf1 f6 30. c3 Qe3 31. Rf2 Qxd2 32. Rxd2 Re1+ 33. Kc2 Rg1 34. c4 b4 35. c5 a5 36. Bc4+ Kf8 37. Bd5 Bxd5 38. Rxd5 Rxg2+ 39. Kd3 Ke7 40. Kc4 Rxa2 41. Kb5 Kd8 42. c6 Rc2 43. Rxd7+ Kc8 44. Rxg7 a4 45. Kb6 Kd8 46. c7+ Ke8 47. Kb7 Kf8 48. Rd7 a3 49. c8Q+ Rxc8 50. Kxc8 Ke8 51. Rd1 Ke7 52. Kc7 h5 53. h4 1-0

[Event "GER Seniors Derby 03rd"]
[Site "Undeloh"]
[Date "2004.04.17"]
[Round "6"]
[White "Runge, Dieter"]
[Black "Salis, Anatol"]
[Result "0-1"]
[WhiteElo "1501"]
[BlackElo "1584"]
[PlyCount "30"]
[EventDate "2004.04.15"]
[EventType "swiss"]
[EventRounds "7"]
[EventCountry "GER"]
[SourceTitle "EXT 2006"]
[Source "ChessBase"]
[SourceDate "2005.11.24"]
[SourceVersion "1"]
[SourceVersionDate "2005.11.24"]
[SourceQuality "1"]

1. d4 e6 2. c4 c5 3. e3 Nf6 4. Nc3 d5 5. Nf3 Nc6 6. Be2 Be7 7. 0-0 0-0 8. b3 b6 9. Bb2 cxd4 10. exd4 Bb7 11. Re1 Qc7 12. h3 Rad8 13. cxd5 Nxd5 14. Nxd5 Rxd5 15. Rc1 Qd8 0-1

[Event "GER Seniors Derby 03rd"]
[Site "Undeloh"]
[Date "2004.04.15"]
[Round "2"]
[White "Feddersen, Berend"]
[Black "Salis, Anatol"]
[Result "1-0"]
[WhiteElo "1786"]
[BlackElo "1584"]
[PlyCount "25"]
[EventDate "2004.04.15"]
[EventType "swiss"]
[EventRounds "7"]
[EventCountry "GER"]
[SourceTitle "EXT 2006"]
[Source "ChessBase"]
[SourceDate "2005.11.24"]
[SourceVersion "1"]
[SourceVersionDate "2005.11.24"]
[SourceQuality "1"]

1. c4 e6 2. g3 d5 3. cxd5 exd5 4. Bg2 c6 5. Nf3 Bd6 6. 0-0 Ne7 7. b3 0-0 8. Bb2 f6 9. d3 Nd7 10. Nbd2 Ne5 11. Rc1 Be6 12. Nd4 Nf7 13. Nxe6 1-0

[Event "GER Seniors Derby 03rd"]
[Site "Undeloh"]
[Date "2004.04.15"]
[Round "1"]
[White "Salis, Anatol"]
[Black "Schmidt, Hans Juergen"]
[Result "1-0"]
[WhiteElo "1584"]
[BlackElo "1782"]
[PlyCount "115"]
[EventDate "2004.04.15"]
[EventType "swiss"]
[EventRounds "7"]
[EventCountry "GER"]
[SourceTitle "EXT 2006"]
[Source "ChessBase"]
[SourceDate "2005.11.24"]
[SourceVersion "1"]
[SourceVersionDate "2005.11.24"]
[SourceQuality "1"]

1. e4 c5 2. Nf3 Nc6 3. d4 cxd4 4. Nxd4 e6 5. Nc3 Bc5 6. Be3 Qf6 7. Nce2 e5 8. Nf3 Bxe3 9. fxe3 d6 10. Ng3 Bg4 11. Be2 0-0-0 12. 0-0 Qh6 13. Qd2 g6 14. b4 Qf8 15. Qc3 Kb8 16. b5 Nge7 17. bxc6 Nxc6 18. Qb2 h5 19. Ng5 Rd7 20. h3 Bxe2 21. Nxe2 Qh6 22. h4 Rf8 23. Rf6 Ne7 24. Raf1 Ng8 25. R6f3 f6 26. Qb3 Rc8 27. Nh3 Rdc7 28. c3 Rc4 29. Nf2 g5 30. Rg3 g4 31. Qd1 R8c6 32. Qd5 Ne7 33. Qf7 Nc8 34. Nd1 Rxe4 35. Rxf6 Qh8 36. Rf5 Rc7 37. Rxh5 Rxf7 38. Rxh8 Rg7 39. Rh5 Ne7 40. Nf2 Ra4 41. Nc1 Rc4 42. e4 Kc7 43. Kf1 d5 44. Ke2 dxe4 45. Rxe5 Kd6 46. Rxe4 Rxe4+ 47. Nxe4+ Ke5 48. Nf2 Kf5 49. Nb3 Kf4 50. Rd3 Nf5 51. Nd4 Re7+ 52. Kd2 Ng3 53. Rxg3 Kxg3 54. Nf5+ Kxf2 55. Nxe7 Kxg2 56. h5 Kf3 57. Nf5 Kf4 58. h6 1-0